000 00272nam a22001217a 4500
008 180730b xxu||||| |||| 00| 0 eng d
082 _a813.52
245 _aCalculus
_cStewart, J & Clegg, D
300 _a1
_fCD
440 _x053439731X
760 _b5th
942 _2ddc
_cMX
999 _c46670
_d46670